[Event "6MCR_4D_1L_2S"]
[Site "?"]
[Date "2004.??.??"]
[Round "?"]
[White "Svoboda, Frantisek"]
[Black "Splichal, Stanislav"]
[Result "1/2-1/2"]
[WhiteElo "2391"]
[BlackElo "2225"]
[PlyCount "92"]
[EventDate "2004.??.??"]
[EventType "corr"]
[SourceDate "2004.06.03"]

1. c4 Nf6 2. Nc3 c5 3. Nf3 e6 4. d4 cxd4 5. Nxd4 Bb4 6. g3 O-O 7. Bg2 d5 8. Qb3
Bxc3+ 9. Qxc3 e5 10. Nb3 dxc4 11. Na5 Nd5 12. Qd2 Nc6 13. Nxc4 Be6 14. O-O b5
15. Ne3 Nde7 16. Rd1 Qb6 17. b3 Rfd8 18. Qe1 Rxd1 19. Nxd1 Rd8 20. Bb2 Nd4 21.
Rc1 Bd5 22. Bxd4 Qxd4 23. Bxd5 Nxd5 24. Qa5 Qb6 25. Qxb6 Nxb6 26. Nc3 a6 27. a4
bxa4 28. Nxa4 Nxa4 29. bxa4 f6 30. Rc6 a5 31. Rc5 Ra8 32. g4 Kf7 33. Kg2 Ra7
34. e3 Ke6 35. Kg3 g6 36. h4 h6 37. Rc6+ Kf7 38. f3 e4 39. Rc5 exf3 40. Kxf3
Kg7 41. Ke4 Kf7 42. h5 Re7+ 43. Kd4 Ra7 44. hxg6+ Kxg6 45. e4 Ra8 46. e5 fxe5+
1/2-1/2

[Event "6MCR_4D_1L_2S"]
[Site "?"]
[Date "2004.??.??"]
[Round "?"]
[White "Svoboda, Frantisek"]
[Black "Trexlerova, Nadezda"]
[Result "1/2-1/2"]
[WhiteElo "2391"]
[BlackElo "1800"]
[PlyCount "84"]
[EventDate "2004.??.??"]
[EventType "corr"]
[SourceDate "2004.06.03"]

1. c4 c6 2. Nf3 d5 3. e3 Bf5 4. cxd5 cxd5 5. Nc3 e6 6. Bb5+ Nc6 7. O-O Bg6 8.
Ne5 Nge7 9. Qa4 Qc8 10. Qh4 a6 11. Bxc6+ Nxc6 12. Nxg6 fxg6 13. d4 Be7 14. Qf4
Bf6 15. Bd2 O-O 16. Qg4 Qe8 17. Rac1 Rd8 18. Ne2 e5 19. Bc3 exd4 20. Bxd4 Qe4
21. Qxe4 dxe4 22. Bc3 Rd3 23. Rfe1 h5 24. Kf1 Rd7 25. Nf4 Bxc3 26. Rxc3 Rd2 27.
Rb1 h4 28. Rc4 g5 29. Ke1 Rd6 30. Nh3 g4 31. Ng5 Ne5 32. Rc2 Nd3+ 33. Kf1 Re8
34. Rc4 Rd5 35. Rxe4 Rf8 36. Rxg4 Rxf2+ 37. Kg1 Rxb2 38. Rxb2 Nxb2 39. Ne6 Kf7
40. Ng5+ Kg8 41. Ne6 Kf7 42. Ng5+ Kg8 1/2-1/2

[Event "6MCR_4D_1L_2S"]
[Site "?"]
[Date "2004.??.??"]
[Round "?"]
[White "Svoboda, Frantisek"]
[Black "Zidu, Jan"]
[Result "1/2-1/2"]
[WhiteElo "2391"]
[BlackElo "2359"]
[PlyCount "50"]
[EventDate "2004.??.??"]
[EventType "corr"]
[SourceDate "2004.06.03"]

1. c4 c6 2. Nf3 d5 3. e3 Nf6 4. Nc3 e6 5. b3 Nbd7 6. Qc2 Bd6 7. Bb2 O-O 8. Be2
Re8 9. O-O Qc7 10. d4 e5 11. dxe5 Nxe5 12. cxd5 Nxf3+ 13. Bxf3 Bxh2+ 14. Kh1
Qd6 15. Nb5 cxb5 16. Bxf6 Bd7 17. Rac1 Rac8 18. Qd2 Rxc1 19. Rxc1 gxf6 20. g3
Bxg3 21. fxg3 Kh8 22. Qd4 Qxg3 23. Qxf6+ Qg7 24. Qxg7+ Kxg7 25. Rc7 Bf5 1/2-1/2

[Event "6MCR_4D_1L_2S"]
[Site "?"]
[Date "2004.??.??"]
[Round "?"]
[White "Sykora, Josef"]
[Black "Canibal, Jaromir"]
[Result "1-0"]
[WhiteElo "2368"]
[BlackElo "2294"]
[PlyCount "97"]
[EventDate "2004.??.??"]
[EventType "corr"]
[SourceDate "2004.06.03"]

1. c4 Nf6 2. Nf3 g6 3. g3 Bg7 4. Bg2 d6 5. d4 O-O 6. O-O Nbd7 7. Nc3 e5 8. h3
c6 9. e4 Re8 10. Re1 exd4 11. Nxd4 Qb6 12. Nc2 Ne5 13. b3 Be6 14. Na4 Qa5 15.
Bd2 Qc7 16. f4 Nd3 17. Re3 Nc5 18. Nxc5 dxc5 19. e5 Nh5 20. Qe2 Rad8 21. Bc3
Qd7 22. Qf1 Bf5 23. Ne1 Bh6 24. Kh2 f6 25. Qf2 Qf7 26. Re2 Qf8 27. Kg1 fxe5 28.
Bxe5 Bg7 29. Nf3 Bxe5 30. Nxe5 Ng7 31. Rae1 Bc8 32. Kh2 Nf5 33. Rd2 Rxd2 34.
Qxd2 Nd4 35. Nf3 a6 36. Rxe8 Nxf3+ 37. Bxf3 Qxe8 38. Qd6 Bf5 39. Qxc5 Qd7 40.
Bg2 Kf7 41. g4 Be6 42. Kg3 Qd3+ 43. Bf3 h6 44. Qe5 b5 45. Qc7+ Bd7 46. cxb5
cxb5 47. Qc5 a5 48. h4 Kg8 49. Qd5+ 1-0

[Event "6MCR_4D_1L_2S"]
[Site "?"]
[Date "2004.??.??"]
[Round "?"]
[White "Sykora, Josef"]
[Black "Krouzel, Jaroslav"]
[Result "1-0"]
[WhiteElo "2368"]
[BlackElo "2334"]
[PlyCount "77"]
[EventDate "2004.??.??"]
[EventType "corr"]
[SourceDate "2004.06.03"]

1. c4 f5 2. d4 Nf6 3. g3 g6 4. Bg2 Bg7 5. Nc3 d6 6. d5 O-O 7. Nh3 Nbd7 8. O-O
Ne5 9. b3 c5 10. Bb2 Rb8 11. Qc2 a6 12. a4 Bd7 13. Nf4 Qc8 14. a5 g5 15. Nd3
Nxd3 16. exd3 f4 17. Ne4 Nxe4 18. Bxg7 Kxg7 19. Bxe4 Rf6 20. Rfe1 h6 21. Qc3
Kf7 22. b4 fxg3 23. fxg3 cxb4 24. Qxb4 Qc5+ 25. Qxc5 dxc5 26. Rf1 Bh3 27. Rxf6+
Kxf6 28. Kf2 Ke5 29. Ke3 Rf8 30. Rg1 Bc8 31. h4 g4 32. Re1 Rf6 33. d4+ cxd4+
34. Kd3 Rf2 35. Bh7+ Kf6 36. Kxd4 Rf3 37. Re3 Rf1 38. Bg8 Rg1 39. Kc5 1-0

[Event "6MCR_4D_1L_2S"]
[Site "?"]
[Date "2004.??.??"]
[Round "?"]
[White "Sykora, Josef"]
[Black "Splichal, Stanislav"]
[Result "1/2-1/2"]
[WhiteElo "2368"]
[BlackElo "2225"]
[PlyCount "50"]
[EventDate "2004.??.??"]
[EventType "corr"]
[SourceDate "2004.06.03"]

1. c4 Nf6 2. Nf3 c5 3. Nc3 e6 4. g3 b6 5. Bg2 Bb7 6. O-O Be7 7. d4 cxd4 8. Qxd4
d6 9. b3 Nbd7 10. Nb5 d5 11. cxd5 Bxd5 12. Qf4 O-O 13. Bb2 a6 14. Nc3 Bb7 15.
Rfd1 Qb8 16. Qh4 Rd8 17. Qh3 b5 18. Rac1 Nc5 19. Nd4 b4 20. Nb1 Nfe4 21. Nd2
Bf6 22. Nxe4 Nxe4 23. Nc6 Bxc6 24. Bxf6 Rxd1+ 25. Rxd1 Qb5 1/2-1/2

[Event "6MCR_4D_1L_2S"]
[Site "?"]
[Date "2004.??.??"]
[Round "?"]
[White "Sykora, Josef"]
[Black "Svoboda, Frantisek"]
[Result "1/2-1/2"]
[WhiteElo "2368"]
[BlackElo "2391"]
[PlyCount "63"]
[EventDate "2004.??.??"]
[EventType "corr"]
[SourceDate "2004.06.03"]

1. c4 c6 2. e4 d5 3. exd5 cxd5 4. d4 Nf6 5. Nc3 e6 6. Nf3 Bb4 7. cxd5 Nxd5 8.
Bd2 Nc6 9. Bd3 O-O 10. O-O Be7 11. a3 Bf6 12. Qe2 Nxd4 13. Nxd4 Bxd4 14. Bxh7+
Kxh7 15. Qe4+ Kg8 16. Qxd4 Ne7 17. Qf4 Ng6 18. Qe3 b6 19. Rfd1 Bb7 20. f3 Qe7
21. Be1 Rfd8 22. Bg3 Qf6 23. Rac1 Rac8 24. Rxd8+ Rxd8 25. Rd1 Rxd1+ 26. Nxd1
Qd8 27. Nc3 Qd7 28. Qe2 f6 29. Qd1 Qxd1+ 30. Nxd1 e5 31. Ne3 Kf7 32. h4 1/2-1/2

[Event "6MCR_4D_1L_2S"]
[Site "?"]
[Date "2004.??.??"]
[Round "?"]
[White "Sykora, Josef"]
[Black "Trexlerova, Nadezda"]
[Result "1/2-1/2"]
[WhiteElo "2368"]
[BlackElo "1800"]
[PlyCount "57"]
[EventDate "2004.??.??"]
[EventType "corr"]
[SourceDate "2004.06.03"]

1. c4 c6 2. e4 d5 3. exd5 cxd5 4. d4 Nf6 5. Nc3 e6 6. Nf3 Be7 7. cxd5 Nxd5 8.
Bd3 Nc6 9. O-O O-O 10. Re1 Nf6 11. a3 b6 12. Bc2 Bb7 13. Qd3 g6 14. Bh6 Re8 15.
Rad1 Rc8 16. Bb3 Bf8 17. Bxf8 Rxf8 18. Ng5 Nd5 19. Qg3 Nce7 20. Qh3 h5 21. Nge4
Kg7 22. Nb5 Ba6 23. Bxd5 Nxd5 24. Nbc3 Bb7 25. Qg3 Nxc3 26. Nxc3 Qf6 27. Re5
Rfd8 28. Qe3 Rd7 29. h3 1/2-1/2

[Event "6MCR_4D_1L_2S"]
[Site "?"]
[Date "2004.??.??"]
[Round "?"]
[White "Sykora, Josef"]
[Black "Zidu, Jan"]
[Result "1/2-1/2"]
[WhiteElo "2368"]
[BlackElo "2359"]
[PlyCount "50"]
[EventDate "2004.??.??"]
[EventType "corr"]
[SourceDate "2004.06.03"]

1. c4 c6 2. e4 d5 3. exd5 cxd5 4. d4 Nf6 5. Nc3 e6 6. Nf3 Bb4 7. cxd5 Nxd5 8.
Bd2 Nc6 9. Bd3 O-O 10. O-O Be7 11. a3 Bf6 12. Qc2 h6 13. Be3 Nce7 14. Bh7+ Kh8
15. Be4 Bd7 16. Nxd5 exd5 17. Bd3 Qb6 18. Ne5 Bxe5 19. dxe5 d4 20. Bf4 Rac8 21.
Qe2 Bf5 22. Bxf5 Nxf5 23. Rad1 Qg6 24. h3 Rfd8 25. Rd3 Ne7 1/2-1/2

[Event "6MCR_4D_1L_2S"]
[Site "?"]
[Date "2004.??.??"]
[Round "?"]
[White "Trexlerova, Nadezda"]
[Black "Dedina, Miroslav"]
[Result "1/2-1/2"]
[WhiteElo "1800"]
[BlackElo "2297"]
[PlyCount "59"]
[EventDate "2004.??.??"]
[EventType "corr"]
[SourceDate "2004.06.03"]

1. e4 e5 2. f4 exf4 3. Bc4 Nf6 4. Nc3 c6 5. Bb3 d5 6. exd5 cxd5 7. d4 Bb4 8.
Nge2 O-O 9. O-O g5 10. g3 Bh3 11. Rf2 Re8 12. gxf4 Qd7 13. Ng3 Bxc3 14. bxc3 g4
15. f5 Qc6 16. Qd2 Nbd7 17. Bb2 Ne4 18. Nxe4 Rxe4 19. Re1 Rxe1+ 20. Qxe1 a5 21.
a4 b5 22. axb5 Qxb5 23. Ba3 a4 24. Ba2 Nf6 25. Re2 h6 26. Re5 Re8 27. Be7 Nd7
28. Re6 Kg7 29. Qe2 Qb2 30. f6+ 1/2-1/2

[Event "6MCR_4D_1L_2S"]
[Site "?"]
[Date "2004.??.??"]
[Round "?"]
[White "Trexlerova, Nadezda"]
[Black "Gresek, Jaromir"]
[Result "0-1"]
[WhiteElo "1800"]
[BlackElo "2180"]
[PlyCount "66"]
[EventDate "2004.??.??"]
[EventType "corr"]
[SourceDate "2004.06.03"]

1. e4 c5 2. Nf3 d6 3. d4 cxd4 4. Nxd4 Nf6 5. Nc3 a6 6. Bg5 e6 7. Bd3 Be7 8. Be3
b5 9. a3 Bb7 10. O-O Nbd7 11. f4 Rc8 12. Qf3 Rxc3 13. bxc3 Nc5 14. c4 bxc4 15.
Bxc4 Nfxe4 16. Qh3 Bf6 17. Rab1 Qc7 18. g4 h5 19. Nb3 Na4 20. Bd3 Nac3 21. Rbe1
g5 22. fxg5 Bxg5 23. Bd4 e5 24. Bxc3 Nxc3 25. Rf5 Bd8 26. Nd2 Qc5+ 27. Kf1 Bb6
28. Qg3 h4 29. Qf2 Qxf2+ 30. Rxf2 Bxf2 31. Kxf2 Ke7 32. Nb1 Rc8 33. g5 Nd5 0-1

[Event "6MCR_4D_1L_2S"]
[Site "?"]
[Date "2004.??.??"]
[Round "?"]
[White "Trexlerova, Nadezda"]
[Black "Matousek, Jan"]
[Result "1/2-1/2"]
[WhiteElo "1800"]
[BlackElo "2280"]
[PlyCount "58"]
[EventDate "2004.??.??"]
[EventType "corr"]
[SourceDate "2004.06.03"]

1. e4 c5 2. Nf3 Nc6 3. d4 cxd4 4. Nxd4 Nf6 5. Nc3 d6 6. Bg5 e6 7. Qd2 a6 8.
O-O-O Bd7 9. f4 b5 10. Bxf6 gxf6 11. Kb1 b4 12. Nce2 Qb6 13. f5 Nxd4 14. Nxd4
e5 15. Nb3 Rc8 16. Qe1 Bc6 17. Bc4 Rg8 18. Qe2 a5 19. Rd3 a4 20. Nd2 Rc7 21.
Rd1 Bb7 22. Rh3 a3 23. bxa3 bxa3+ 24. Rb3 Qc5 25. Bb5+ Ke7 26. Nc4 Bh6 27. Nxd6
Rd8 28. Nxb7 Rxd1+ 29. Qxd1 Rxb7 1/2-1/2

[Event "6MCR_4D_1L_2S"]
[Site "?"]
[Date "2004.??.??"]
[Round "?"]
[White "Trexlerova, Nadezda"]
[Black "Soucha, Stepan"]
[Result "1/2-1/2"]
[WhiteElo "1800"]
[BlackElo "2335"]
[PlyCount "62"]
[EventDate "2004.??.??"]
[EventType "corr"]
[SourceDate "2004.06.03"]

1. e4 e5 2. Nf3 Nc6 3. Bb5 a6 4. Ba4 Nf6 5. O-O Be7 6. Re1 b5 7. Bb3 d6 8. c3
O-O 9. h3 Na5 10. Bc2 c5 11. d4 Nd7 12. Nbd2 exd4 13. cxd4 Nc6 14. Nf1 cxd4 15.
Nxd4 Nxd4 16. Qxd4 Ne5 17. Rd1 Bb7 18. Ne3 Rc8 19. Bb3 Bf6 20. Qxd6 Qxd6 21.
Rxd6 Bxe4 22. Bd5 Bxd5 23. Nxd5 Bh4 24. Bf4 Nd3 25. Bg3 Bxg3 26. Ne7+ Kh8 27.
Rxd3 Rce8 28. fxg3 Rxe7 29. Rd6 Re2 30. Rf1 Kg8 31. Rxa6 Rxb2 1/2-1/2

[Event "6MCR_4D_1L_2S"]
[Site "?"]
[Date "2004.??.??"]
[Round "?"]
[White "Trexlerova, Nadezda"]
[Black "Splichal, Stanislav"]
[Result "0-1"]
[WhiteElo "1800"]
[BlackElo "2225"]
[PlyCount "82"]
[EventDate "2004.??.??"]
[EventType "corr"]
[SourceDate "2004.06.03"]

1. e4 c5 2. Nf3 Nc6 3. d4 cxd4 4. Nxd4 e6 5. Nc3 Qc7 6. Be2 a6 7. O-O Nf6 8.
Be3 Be7 9. f4 d6 10. Qe1 O-O 11. Qg3 Nxd4 12. Bxd4 b5 13. a3 Bb7 14. Kh1 Bc6
15. Rad1 Qb7 16. Bf3 Rad8 17. Rfe1 Kh8 18. Re3 Rg8 19. e5 dxe5 20. fxe5 Nd5 21.
Nxd5 Bxd5 22. c3 Bxf3 23. Rxf3 f5 24. Qf4 Rd7 25. Rfd3 Rgd8 26. Kg1 Qc6 27. Kf1
h6 28. Qe3 Kh7 29. h3 g5 30. Kg1 Kg6 31. Kh2 h5 32. Qe2 g4 33. Rf1 Bg5 34. Qd1
Qd5 35. Kh1 a5 36. Kg1 b4 37. axb4 axb4 38. Rf2 Ra8 39. Qf1 Qe4 40. Kh2 Ra2 41.
Qb1 Rd5 0-1

[Event "6MCR_4D_1L_2S"]
[Site "?"]
[Date "2004.??.??"]
[Round "?"]
[White "Trexlerova, Nadezda"]
[Black "Zidu, Jan"]
[Result "1/2-1/2"]
[WhiteElo "1800"]
[BlackElo "2359"]
[PlyCount "53"]
[EventDate "2004.??.??"]
[EventType "corr"]
[SourceDate "2004.06.03"]

1. e4 e6 2. d4 d5 3. Nd2 c5 4. Ngf3 cxd4 5. exd5 Qxd5 6. Bc4 Qd6 7. O-O Nf6 8.
Nb3 Nc6 9. Nbxd4 Nxd4 10. Nxd4 a6 11. Re1 Qc7 12. Bb3 Bd6 13. Nf5 Bxh2+ 14. Kh1
O-O 15. Nxg7 Rd8 16. Qf3 Kxg7 17. Bh6+ Kg6 18. c3 Nh5 19. Bc1 Bf4 20. g4 Ng3+
21. fxg3 Bxc1 22. Raxc1 b6 23. Qe3 Bb7+ 24. Kh2 Qc5 25. Qf4 Qg5 26. Bc2+ Kh6
27. Rcd1 1/2-1/2

[Event "6MCR_4D_1L_2S"]
[Site "?"]
[Date "2004.??.??"]
[Round "?"]
[White "Zidu, Jan"]
[Black "Dedina, Miroslav"]
[Result "1/2-1/2"]
[WhiteElo "2359"]
[BlackElo "2297"]
[PlyCount "81"]
[EventDate "2004.??.??"]
[EventType "corr"]
[SourceDate "2004.06.03"]

1. e4 c5 2. Nf3 e6 3. d4 cxd4 4. Nxd4 a6 5. Bd3 Bc5 6. Nb3 Ba7 7. c4 Nc6 8. Nc3
d6 9. O-O Nge7 10. Qe2 O-O 11. Be3 Bxe3 12. Qxe3 e5 13. Rad1 Be6 14. Be2 Ng6
15. g3 Qc7 16. Rd2 Nce7 17. c5 Rfd8 18. cxd6 Rxd6 19. Rxd6 Qxd6 20. Rd1 Qc7 21.
Qc5 Rc8 22. Qxc7 Rxc7 23. Nd5 Bxd5 24. exd5 Nf5 25. d6 Rd7 26. Nc5 Rxd6 27.
Nxb7 Rxd1+ 28. Bxd1 Nd4 29. b4 Ne7 30. Nc5 Nd5 31. Nxa6 Nc3 32. Bb3 Nxb3 33.
axb3 Kf8 34. f3 Ke7 35. Kf2 Kd6 36. Ke3 Nd5+ 37. Kd3 Kc6 38. Ke4 Kd6 39. Kd3
Kc6 40. Ke4 Kd6 41. Kd3 1/2-1/2

[Event "6MCR_4D_1L_2S"]
[Site "?"]
[Date "2004.??.??"]
[Round "?"]
[White "Zidu, Jan"]
[Black "Gresek, Jaromir"]
[Result "1/2-1/2"]
[WhiteElo "2380"]
[BlackElo "2180"]
[PlyCount "102"]
[EventDate "2004.??.??"]
[EventType "corr"]
[SourceDate "2004.06.03"]

1. e4 c5 2. Nf3 d6 3. Bb5+ Bd7 4. Bxd7+ Qxd7 5. c4 Nc6 6. Nc3 Nf6 7. O-O g6 8.
d4 cxd4 9. Nxd4 Bg7 10. Nde2 O-O 11. f3 a6 12. a4 e6 13. Bg5 Qc7 14. Kh1 Nd7
15. b3 Nc5 16. Rb1 Rac8 17. Bh4 b6 18. Qc2 Nb4 19. Qd2 Nc6 20. b4 Nb7 21. f4 a5
22. f5 axb4 23. Nb5 Qd7 24. f6 Bh8 25. Qh6 Ne5 26. Bg5 Ng4 27. Qh4 h5 28. Rxb4
Ne5 29. Nf4 Nc5 30. Nxh5 gxh5 31. Qxh5 Qc6 32. Bf4 Bxf6 33. Bxe5 Bxe5 34. Na7
Qxe4 35. Nxc8 Rxc8 36. Qxf7+ Kh8 37. Rxb6 Qh4 38. g3 Qh3 39. Rxd6 Ne4 40. Rd3
Rg8 41. Rg1 Qh6 42. Rf3 Ng5 43. Qb7 Rb8 44. Qc6 Nxf3 45. Qxf3 Rf8 46. Qe2 Bd4
47. Rf1 Rxf1+ 48. Qxf1 e5 49. Kg2 Kg7 50. Qf3 Qg6 51. Kh3 Qc2 1/2-1/2

[Event "6MCR_4D_1L_2S"]
[Site "?"]
[Date "2004.??.??"]
[Round "?"]
[White "Zidu, Jan"]
[Black "Jirk, Ales"]
[Result "1/2-1/2"]
[WhiteElo "2359"]
[BlackElo "2248"]
[PlyCount "42"]
[EventDate "2004.??.??"]
[EventType "corr"]
[SourceDate "2004.06.03"]

1. e4 e6 2. d4 d5 3. Nc3 Bb4 4. e5 Ne7 5. a3 Bxc3+ 6. bxc3 c5 7. Qg4 O-O 8. Nf3
Nbc6 9. Bd3 f5 10. exf6 Rxf6 11. Bg5 e5 12. Qh4 e4 13. Bxf6 gxf6 14. Qxf6 exd3
15. cxd3 Bf5 16. Qg5+ Kh8 17. Qf6+ Kg8 18. Qg5+ Kf7 19. dxc5 Qa5 20. O-O Qxc5
21. Rfe1 Qxc3 1/2-1/2

[Event "6MCR_4D_1L_2S"]
[Site "?"]
[Date "2004.??.??"]
[Round "?"]
[White "Zidu, Jan"]
[Black "Matousek, Jan"]
[Result "1-0"]
[WhiteElo "2359"]
[BlackElo "2280"]
[PlyCount "137"]
[EventDate "2004.??.??"]
[EventType "corr"]
[SourceDate "2004.06.03"]

1. e4 c5 2. Nf3 d6 3. Bb5+ Bd7 4. Bxd7+ Qxd7 5. c4 Nc6 6. Nc3 Nf6 7. O-O g6 8.
d4 cxd4 9. Nxd4 Bg7 10. Nde2 O-O 11. f3 a6 12. a4 Qc7 13. Kh1 e6 14. Bg5 Rac8
15. b3 Nd7 16. Rb1 Nc5 17. Bh4 Rfe8 18. Qc1 Nb4 19. Qd2 Nc6 20. Qc1 Nb4 21. Qd2
Nc6 22. Na2 Na5 23. Nac1 b5 24. axb5 axb5 25. cxb5 Rb8 26. Nd4 Rec8 27. Rd1
Bxd4 28. Qxd4 Rxb5 29. b4 Nc6 30. Qd2 Qb8 31. Na2 d5 32. exd5 exd5 33. Bg3 Qb7
34. Qxd5 Ne6 35. Qe4 Ne7 36. Qxb7 Rxb7 37. Rdc1 Rxc1+ 38. Nxc1 Nd5 39. Nd3 f6
40. Bf2 Rb5 41. g3 Nec7 42. Kg2 Na6 43. Be1 Kf7 44. Ra1 Nac7 45. h4 Ke6 46. Bd2
Kd6 47. g4 Kc6 48. g5 Rb6 49. Kg3 Kd7 50. Nc5+ Kc8 51. Ra4 Kd8 52. f4 Ke7 53.
Ra7 Kd8 54. gxf6 Nxf6 55. Bc3 Nfd5 56. Be5 h5 57. Kf2 Kc8 58. Kf3 Kd8 59. Bxc7+
Nxc7 60. Rb7 Rxb7 61. Nxb7+ Ke7 62. Nc5 Nd5 63. b5 Kd6 64. Ne4+ Kc7 65. Ng5 Ne7
66. Ke4 Nf5 67. Nf3 Kb6 68. Ke5 Ne3 69. Kf6 1-0

[Event "6MCR_4D_1L_2S"]
[Site "?"]
[Date "2004.??.??"]
[Round "?"]
[White "Zidu, Jan"]
[Black "Soucha, Stepan"]
[Result "1/2-1/2"]
[WhiteElo "2359"]
[BlackElo "2335"]
[PlyCount "53"]
[EventDate "2004.??.??"]
[EventType "corr"]
[SourceDate "2004.06.03"]

1. e4 e5 2. Nf3 Nc6 3. Bb5 a6 4. Ba4 Nf6 5. O-O Be7 6. Re1 b5 7. Bb3 d6 8. c3
O-O 9. h3 Na5 10. Bc2 c5 11. d4 Nd7 12. Nbd2 exd4 13. cxd4 Nc6 14. Nf1 cxd4 15.
Nxd4 Nxd4 16. Qxd4 Ne5 17. Rd1 Bb7 18. Ne3 Rc8 19. Bb3 Bf6 20. Qxd6 Qxd6 21.
Rxd6 Bxe4 22. Bd5 Bxd5 23. Nxd5 Bh4 24. Bf4 Nd3 25. Bg3 Bxg3 26. Ne7+ Kh8 27.
Rxd3 1/2-1/2

[Event "6MCR_4D_1L_3S"]
[Site "?"]
[Date "2004.??.??"]
[Round "?"]
[White "Beran, Petr"]
[Black "Jandovsky, Viktor"]
[Result "1/2-1/2"]
[WhiteElo "2200"]
[BlackElo "2259"]
[PlyCount "77"]
[EventDate "2004.??.??"]
[EventType "corr"]
[SourceDate "2004.06.03"]

1. d4 Nf6 2. c4 e6 3. Nf3 d5 4. Nc3 Be7 5. Bg5 O-O 6. e3 Nbd7 7. Rc1 c6 8. Bd3
dxc4 9. Bxc4 Nd5 10. Bxe7 Qxe7 11. O-O Nxc3 12. Rxc3 e5 13. dxe5 Nxe5 14. Nxe5
Qxe5 15. f4 Qe4 16. Qe2 Bf5 17. Bd3 Qd5 18. e4 Qd4+ 19. Qf2 Qxf2+ 20. Kxf2 Bd7
21. Be2 Rfd8 22. Ke3 f6 23. g4 Be6 24. a3 Rd7 25. Rd1 Rxd1 26. Bxd1 Kf8 27. Rc5
Rc8 28. Ra5 Ra8 29. Bf3 b6 30. Ra6 Bc4 31. Ra4 Bb5 32. Rd4 c5 33. Rd2 Ke7 34.
h4 Rd8 35. Rxd8 Kxd8 36. g5 Ke7 37. gxf6+ gxf6 38. Bg4 a5 39. Bd1 1/2-1/2

[Event "6MCR_4D_1L_3S"]
[Site "?"]
[Date "2004.??.??"]
[Round "?"]
[White "Beran, Petr"]
[Black "Janecek, Josef"]
[Result "1/2-1/2"]
[WhiteElo "2200"]
[BlackElo "2195"]
[PlyCount "51"]
[EventDate "2004.??.??"]
[EventType "corr"]
[SourceDate "2004.06.03"]

1. d4 Nf6 2. c4 g6 3. Nf3 Bg7 4. g3 O-O 5. Bg2 d6 6. O-O Nc6 7. Nc3 a6 8. d5
Na5 9. Qd3 c5 10. Bg5 Rb8 11. Rab1 b5 12. cxb5 c4 13. Qd2 axb5 14. Nd4 b4 15.
Ncb5 Qb6 16. Qxb4 Bd7 17. Bd2 Bxb5 18. Nxb5 Qxb5 19. Qxa5 Qxa5 20. Bxa5 Ra8 21.
Bc3 Rxa2 22. Rfc1 Rb8 23. Bxf6 Bxf6 24. Rxc4 Rbxb2 25. Rxb2 Rxb2 26. Bf3
1/2-1/2

[Event "6MCR_4D_1L_3S"]
[Site "?"]
[Date "2004.??.??"]
[Round "?"]
[White "Beran, Petr"]
[Black "Kolarik, Jiri"]
[Result "1/2-1/2"]
[WhiteElo "2200"]
[BlackElo "2342"]
[PlyCount "71"]
[EventDate "2004.??.??"]
[EventType "corr"]
[SourceDate "2004.06.03"]

1. Nf3 d5 2. d4 e6 3. Bg5 f6 4. Bf4 c5 5. e3 Nc6 6. c3 Qb6 7. Qc2 Nge7 8. h4 g6
9. Nbd2 cxd4 10. cxd4 Bd7 11. Qb3 Qxb3 12. Nxb3 Bg7 13. h5 g5 14. Bd6 g4 15.
Nh4 b6 16. Ba6 Rd8 17. Bd3 e5 18. Rc1 Be6 19. Bxe7 Nxe7 20. Rc7 a5 21. Rb7 a4
22. Nc1 Kf7 23. Ne2 a3 24. bxa3 e4 25. Bb5 Rb8 26. Rxb8 Rxb8 27. Kd2 Bc8 28. a4
Ke6 29. Nc3 Kd6 30. Be2 f5 31. Nb5+ Ke6 32. g3 Bf6 33. Ng2 Bg5 34. Nf4+ Bxf4
35. gxf4 Kd7 36. Nc3 1/2-1/2

[Event "6MCR_4D_1L_3S"]
[Site "?"]
[Date "2004.??.??"]
[Round "?"]
[White "Beran, Petr"]
[Black "Prchly, Milos"]
[Result "1-0"]
[WhiteElo "2200"]
[BlackElo "2268"]
[PlyCount "73"]
[EventDate "2004.??.??"]
[EventType "corr"]
[SourceDate "2004.06.03"]

1. Nf3 Nf6 2. d4 e6 3. Bg5 d5 4. e3 c5 5. c3 Qb6 6. Qc2 Nc6 7. Nbd2 Nd7 8. Bf4
f6 9. Be2 e5 10. dxe5 fxe5 11. Bg3 e4 12. Ng5 Nf6 13. f3 exf3 14. Bxf3 c4 15.
O-O-O Qb5 16. a4 Qa6 17. Nxh7 Rxh7 18. Qg6+ Ke7 19. Bxd5 Nd8 20. Bxc4 Rh6 21.
Qd3 Qb6 22. Ne4 Bf5 23. Nxf6 Rxf6 24. e4 Be6 25. e5 Rf5 26. Bh4+ g5 27. g4 Rxe5
28. Rhe1 Bg7 29. Qg6 Nf7 30. Qxg7 Rd8 31. Rxe5 Rxd1+ 32. Kxd1 Qd6+ 33. Ke2
Qxe5+ 34. Qxe5 Nxe5 35. Bxg5+ Kd6 36. Bxe6 Kxe6 37. h3 1-0

[Event "6MCR_4D_1L_3S"]
[Site "?"]
[Date "2004.??.??"]
[Round "?"]
[White "Beran, Petr"]
[Black "Skalicky, Frantisek"]
[Result "1/2-1/2"]
[WhiteElo "2200"]
[BlackElo "2278"]
[PlyCount "51"]
[EventDate "2004.??.??"]
[EventType "corr"]
[SourceDate "2004.06.03"]

1. Nf3 d5 2. d4 Nf6 3. Bf4 c6 4. c3 Bf5 5. Nbd2 e6 6. e3 Nbd7 7. Be2 Nh5 8. Bg5
Qc7 9. Bh4 h6 10. Nf1 Nhf6 11. N1d2 Bd6 12. c4 b6 13. Rc1 O-O 14. Bg3 Rac8 15.
Bxd6 Qxd6 16. O-O Rc7 17. Qb3 Rfc8 18. Rfd1 Bg4 19. h3 Bh5 20. Bd3 Qe7 21. Re1
c5 22. Qa3 Ne4 23. cxd5 exd5 24. Ba6 Rd8 25. Nxe4 dxe4 26. Nd2 1/2-1/2

[Event "6MCR_4D_1L_3S"]
[Site "?"]
[Date "2004.??.??"]
[Round "?"]
[White "Jandovsky, Viktor"]
[Black "Kolarik, Jiri"]
[Result "1/2-1/2"]
[WhiteElo "2259"]
[BlackElo "2342"]
[PlyCount "94"]
[EventDate "2004.??.??"]
[EventType "corr"]
[SourceDate "2004.06.03"]

1. e4 e6 2. d4 d5 3. Nc3 Bb4 4. e5 c5 5. a3 Bxc3+ 6. bxc3 Ne7 7. Qg4 O-O 8. Bd3
f5 9. exf6 Rxf6 10. Bg5 Rf7 11. Qh5 g6 12. Qd1 Qa5 13. Bd2 c4 14. Be2 Nbc6 15.
Nf3 Nf5 16. O-O Nd6 17. Ng5 Re7 18. f4 Bd7 19. Bg4 Rf8 20. Re1 h6 21. Nf3 Ne4
22. Ne5 Nxe5 23. fxe5 Kg7 24. Bf3 Nxd2 25. Qxd2 Ref7 26. Rf1 Rf4 27. Qe3 Qa4
28. Qc1 Be8 29. Qb2 b6 30. Rf2 g5 31. Raf1 R4f5 32. h3 Bg6 33. Qc1 R8f7 34. Qb2
h5 35. Qc1 Qe8 36. g4 hxg4 37. Bxg4 Rxf2 38. Rxf2 Rxf2 39. Kxf2 Qe7 40. Ke2 b5
41. Qb2 a6 42. Qc1 Be4 43. Kd2 Qf7 44. Qg1 Kg6 45. Kc1 Qf4+ 46. Kb2 Qd2 47. Qd1
Qxd1 1/2-1/2

[Event "6MCR_4D_1L_3S"]
[Site "?"]
[Date "2004.??.??"]
[Round "?"]
[White "Jandovsky, Viktor"]
[Black "Musil, Martin"]
[Result "1-0"]
[WhiteElo "2259"]
[BlackElo "2123"]
[PlyCount "74"]
[EventDate "2004.??.??"]
[EventType "corr"]
[SourceDate "2004.06.03"]

1. e4 e6 2. d4 d5 3. Nc3 Nf6 4. Bg5 dxe4 5. Nxe4 Be7 6. Bxf6 gxf6 7. Nf3 b6 8.
Bc4 Bb7 9. Qe2 c6 10. O-O-O Qc7 11. Kb1 Nd7 12. Rhe1 O-O-O 13. Ba6 Bxa6 14.
Qxa6+ Kb8 15. Qe2 Rhg8 16. g3 f5 17. Ned2 h5 18. Nc4 h4 19. Rd3 hxg3 20. hxg3
Rh8 21. a3 Bf6 22. Red1 Kb7 23. Nfe5 Rh7 24. Qf3 Nb8 25. a4 Be7 26. Rb3 Kc8 27.
Rdd3 f6 28. Ng6 Bd6 29. Nxd6+ Rxd6 30. Re3 Qf7 31. Nf4 Nd7 32. Rbd3 Kc7 33. Qd1
Rh6 34. a5 e5 35. Ne2 Qh7 36. Nc1 e4 37. Rd2 Rh1 1-0

[Event "6MCR_4D_1L_3S"]
[Site "?"]
[Date "2004.??.??"]
[Round "?"]
[White "Jandovsky, Viktor"]
[Black "Polak, Petr"]
[Result "1-0"]
[WhiteElo "2259"]
[BlackElo "2142"]
[PlyCount "119"]
[EventDate "2004.??.??"]
[EventType "corr"]
[SourceDate "2004.06.03"]

1. e4 c5 2. Nf3 d6 3. d4 cxd4 4. Nxd4 Nf6 5. Nc3 a6 6. Be2 e5 7. Nb3 Be7 8. Bg5
Be6 9. Bxf6 Bxf6 10. Qd3 Nc6 11. O-O-O Nd4 12. Nxd4 exd4 13. Nd5 Bxd5 14. exd5
O-O 15. Qf3 Qd7 16. Bd3 Rfe8 17. h4 Re5 18. g4 Rae8 19. Kb1 Bd8 20. Qg2 Ba5 21.
f4 Re3 22. g5 Qc7 23. a3 Qb6 24. Ka2 Qc5 25. h5 Bd8 26. Rdg1 R8e7 27. Kb1 Rc7
28. Rf1 b5 29. h6 g6 30. f5 Kh8 31. fxg6 hxg6 32. Rxf7 Rxf7 33. Bxg6 Rff3 34.
Be4 Rg3 35. Qf2 Rxg5 36. h7 Be7 37. Qf7 Qc8 38. Qxe7 Rg7 39. Qh4 Qf8 40. Bd3
Qe7 41. Qf4 Rf7 42. Qxd4+ Qe5 43. Qb6 Rf8 44. Rg1 Re1+ 45. Rxe1 Qxe1+ 46. Ka2
Qe5 47. Qb7 Qd4 48. b3 Qe5 49. Qxa6 b4 50. a4 Qxd5 51. Qb6 Qc5 52. Qxc5 dxc5
53. a5 Rf7 54. a6 Kg7 55. Be4 Ra7 56. Bb7 Kxh7 57. Kb2 Kg7 58. c3 Kf7 59. cxb4
cxb4 60. Kc2 1-0